000 01165nam a22002537a 4500
005 20090721144357.0
008 090721t xxu||||| |||| 00| 0 hin d
010 _aHIN-87409
020 _a9788178795010
_c125.00
035 _aHN-59755
037 _bDBAD / PUB
040 _adpl
_bhn
082 _a796.358
100 _aबलजीत सिंह
245 _aक्रिकेट के नियम /
_bबलजीत सिंह
246 _aCricket ke niyama
_bby Baljeet Singh
260 _aनई दिल्ली
_bस्पोर्टस पब्लिकेशन्स
_c2008
270 _a7/26,ग्राउण्ड फ्लोर, अंसारी रोड, दरियागंज,
_bनई दिल्ली
_e110002
_k65749511
_l011-23240261
300 _a114पृ.
_c22सेमी (अजिल्द)
650 _aक्रिकेट
650 _aCricket
942 _2ddc
_cHN
_mबलजी
_h796.358
999 _c28487
_d28487